| 000 | 00834nam a22002057a 4500 | ||
|---|---|---|---|
| 999 |
_c13662 _d13662 |
||
| 003 | AR-CdUCM | ||
| 008 | 190416b ||||| |||| 00| 0 spa d | ||
| 040 |
_aMUNICIPALIDAD PROVINCIAL DEL CUSCO _cBIBLIOTECA MUNICIPAL DEL CUSCO |
||
| 082 |
_a C / 259 / _bV23 / 1981 |
||
| 100 |
_aVallejos Santoni, Luis _932161 |
||
| 245 | _aCarta pastoral de mons. Luis Vallejo Santoni, Arzobispo del Cusco, con motivo de sus "Bodas de plata sacerdotales" / | ||
| 260 |
_aCusco : _bBartolome de las casas. _c1982. |
||
| 300 |
_a46 páginas ; _c22 cm. |
||
| 505 | _aContenido : Mi vocación al sacerdocio -- A los sacerdotes -- A mis seminaristas -- A los casados -- A las religiosas -- A los niños ... | ||
| 650 |
_aSacerdotes _932162 |
||
| 650 |
_aReligión _91195 |
||
| 650 |
_aCusco _9772 |
||
| 942 |
_2ddc _cLIBROS |
||
| 945 |
_arah _d16/04/2019 |
||